Principles of power electronics (Record no. 54637)

MARC details
000 -LEADER
fixed length control field 00739nam a2200205 a 4500
008 - FIXED-LENGTH DATA ELEMENTS--GENERAL INFORMATION
fixed length control field 060316s1991 ||||||||||||||||| || u
020 ## - INTERNATIONAL STANDARD BOOK NUMBER
International Standard Book Number 0201096897
050 ## - LIBRARY OF CONGRESS CALL NUMBER
Classification number TK 7881.15 Kas
100 ## - MAIN ENTRY--PERSONAL NAME
Personal name Verghese, George C
245 10 - TITLE STATEMENT
Title Principles of power electronics
260 ## - PUBLICATION, DISTRIBUTION, ETC.
Place of publication, distribution, etc. Reading, Mass
Name of publisher, distributor, etc. Addison-Wesley
Date of publication, distribution, etc. 1991
300 ## - PHYSICAL DESCRIPTION
Extent xxi, 738 p. : ill.
350 ## - PRICE (NR) (BK AM CF MU VM SE) [OBSOLETE]
Price 0.00
490 ## - SERIES STATEMENT
Series statement Addison-Wesley series in electrical engineering
500 ## - GENERAL NOTE
General note Includes bibliographical references
650 #0 - SUBJECT ADDED ENTRY--TOPICAL TERM
Topical term or geographic name entry element POWER ELECTRONICS
700 ## - ADDED ENTRY--PERSONAL NAME
Personal name Kassakian, John G
700 ## - ADDED ENTRY--PERSONAL NAME
Personal name Schlecht, Martin F
995 ## - RECOMMENDATION 995 [LOCAL, UNIMARC FRANCE]
-- 0.00
-- CBU-MAIN LIBRARY (Kitwe)
-- 1
-- 21.00
-- AVAILABLE
-- Main Library Open Access Collection
Holdings
Withdrawn status Lost status Source of classification or shelving scheme Damaged status Not for loan Home library Current library Shelving location Date acquired Total Checkouts Full call number Barcode Date last seen Price effective from Koha item type
          CBU-MAIN LIBRARY, KITWE. CBU-MAIN LIBRARY, KITWE.   11/30/2022   TK 7881.15 Kas 017047 11/30/2022 11/30/2022 MONOGRAPH